African Countries by Unique Letters - Statistics

General Stats
  • This quiz has been taken 14 times
    7 since last reset
  • The average score is 7 of 9
Answer Stats
Answer % Correct
Egypt
100%
Kenya
83%
Libya
83%
Mali
83%
Sudan
83%
Chad
67%
Gabon
67%
Guinea
50%
Niger
33%
No matching quizzes found
Score Distribution
Percent of People with Each Score
Percentile by Number Answered
Your Score History
You have not taken this quiz since the last reset